[Event "Alexandria op 22nd"]
[Site "Alexandria"]
[Date "2017.08.05"]
[Round "5"]
[White "Sarwat, Walaa"]
[Black "El Shenawy, Ashraf"]
[Result "1/2-1/2"]
[WhiteElo "2298"]
[BlackElo "2073"]
[PlyCount "170"]
[EventDate "2017.08.02"]
[EventType "swiss"]
[EventRounds "10"]
[EventCountry "EGY"]
[SourceTitle "CBM 180 Extra"]
[Source "ChessBase"]
[SourceDate "2017.10.06"]
[SourceVersion "1"]
[SourceVersionDate "2017.10.06"]
[SourceQuality "1"]

1. e4 e6 2. d4 d5 3. Nc3 h6 4. Nf3 Bb4 5. e5 c5 6. a3 Bxc3+ 7. bxc3 c4 8. a4 Qa5 9. Qd2 Ne7 10. g3 Nd7 11. h4 Nb6 12. Bh3 Nxa4 13. Bb2 Bd7 14. 0-0 b5 15. h5 Rb8 16. Qe3 b4 17. cxb4 Qxb4 18. Ba3 Qc3 19. Qe2 Rb7 20. Bd6 Nc8 21. Ra3 Qb2 22. Rfa1 Nc3 23. Qe1 Ne4 24. R3a2 Qc3 25. Qxc3 Nxc3 26. Ra5 Bc6 27. Bc5 Kd7 28. Nh4 Ne4 29. Ba3 Rb5 30. Rxb5 Bxb5 31. Bb4 a6 32. Kg2 Ne7 33. f3 Ng5 34. Bg4 Rc8 35. Bc3 Nc6 36. Kf2 Kc7 37. Ng2 Kb6 38. Nf4 Ra8 39. Nh3 Nxh3+ 40. Bxh3 a5 41. f4 a4 42. Ra3 Re8 43. g4 f6 44. exf6 gxf6 45. Ra1 e5 46. fxe5 fxe5 47. dxe5 Nxe5 48. Re1 Nf7 49. Bd4+ Ka5 50. Bg2 Rxe1 51. Kxe1 Bc6 52. Kd2 a3 53. Kc1 Kb4 54. Kb1 Bb7 55. Ka2 Kb5 56. Kxa3 Kc6 57. Bg7 Bc8 58. Bf3 Be6 59. Kb4 Kd6 60. Be2 Ne5 61. Bxh6 Nxg4 62. Bf4+ Kc6 63. h6 Nf6 64. Be5 Nh7 65. Bh5 Bf5 66. Be8+ Kb6 67. c3 Ng5 68. Bf4 Ne4 69. Be3+ Kc7 70. Bf7 Kc6 71. Bf4 Bh7 72. Be5 Nd6 73. Bh5 Bg8 74. Bd1 Ne4 75. Ba4+ Kb6 76. Bd4+ Kc7 77. Ka5 Kd6 78. Kb6 Bh7 79. Be8 Ke7 80. Bc6 Kd6 81. Bg7 Bg6 82. Bf8+ Ke6 83. Be8 Bh7 84. Bg7 Kd6 85. Bf8+ Ke6 1/2-1/2

[Event "Alexandria op 22nd"]
[Site "Alexandria"]
[Date "2017.08.03"]
[Round "2"]
[White "Wafa, Shahenda"]
[Black "Sarwat, Walaa"]
[Result "1-0"]
[WhiteElo "2106"]
[BlackElo "2298"]
[PlyCount "187"]
[EventDate "2017.08.02"]
[EventType "swiss"]
[EventRounds "10"]
[EventCountry "EGY"]
[SourceTitle "CBM 180 Extra"]
[Source "ChessBase"]
[SourceDate "2017.10.06"]
[SourceVersion "1"]
[SourceVersionDate "2017.10.06"]
[SourceQuality "1"]

1. e4 e5 2. Nf3 Nc6 3. Bb5 a6 4. Ba4 Nf6 5. 0-0 Be7 6. Re1 b5 7. Bb3 d6 8. c3 0-0 9. h3 Na5 10. Bc2 c5 11. d4 Nd7 12. d5 Nb6 13. Nbd2 f5 14. exf5 Bxf5 15. Bxf5 Rxf5 16. Nf1 h6 17. Qd3 Qd7 18. Ng3 Rf7 19. Qg6 Rf6 20. Qe4 Raf8 21. b3 Bd8 22. Be3 Qf7 23. Rad1 Nd7 24. h4 Nb7 25. h5 Ba5 26. Rc1 c4 27. b4 Bb6 28. Qg4 Bxe3 29. fxe3 Nb6 30. Ne4 Nxd5 31. Nxf6+ Nxf6 32. Qg6 Nxh5 33. Qxf7+ Rxf7 34. a4 Ng3 35. axb5 axb5 36. Rc2 g5 37. Rd1 g4 38. Nh4 h5 39. Ra1 Kg7 40. Rf2 Rxf2 41. Kxf2 Ne4+ 42. Ke1 Kf6 43. Ra8 d5 44. Rg8 Nbd6 45. Rg6+ Kf7 46. Rh6 Nf6 47. Kd1 Nde4 48. Kc2 g3 49. Nf5 Ng4 50. Rb6 h4 51. Nh6+ Kg7 52. Nxg4 h3 53. Rb7+ Kf8 54. Nxe5 h2 55. Rh7 Kg8 56. Rh4 Nf2 57. Nf3 h1Q 58. Rxh1 Nxh1 59. Nd4 Nf2 60. Nxb5 Ng4 61. Kd2 Kf7 62. Ke2 Nf6 63. Nc7 Ke7 64. Kf3 Kd7 65. Na6 Kd6 66. Nc5 Ne8 67. Kxg3 Nc7 68. Kf4 Nb5 69. Na4 Ke6 70. g4 Nc7 71. Nc5+ Kf6 72. g5+ Kg6 73. Ke5 Nb5 74. Na4 Kxg5 75. Kxd5 Na3 76. Nb6 Kf6 77. e4 Ke7 78. Kc5 Nb1 79. Kxc4 Kd6 80. Kd4 Kc6 81. Nd5 Nd2 82. Ne7+ Kd6 83. Nf5+ Ke6 84. b5 Nf3+ 85. Kc5 Ke5 86. b6 Kxe4 87. Nd6+ Kd3 88. c4 Ne5 89. b7 Nd7+ 90. Kd5 Kc3 91. c5 Nb8 92. c6 Na6 93. Ne8 Kd3 94. c7 1-0

[Event "Alexandria op 22nd"]
[Site "Alexandria"]
[Date "2017.08.02"]
[Round "1"]
[White "Sarwat, Walaa"]
[Black "Harraz, Hany"]
[Result "1-0"]
[WhiteElo "2298"]
[BlackElo "1920"]
[PlyCount "75"]
[EventDate "2017.08.02"]
[EventType "swiss"]
[EventRounds "10"]
[EventCountry "EGY"]
[SourceTitle "CBM 180 Extra"]
[Source "ChessBase"]
[SourceDate "2017.10.06"]
[SourceVersion "1"]
[SourceVersionDate "2017.10.06"]
[SourceQuality "1"]

1. e4 c5 2. Nf3 g6 3. d4 cxd4 4. Nxd4 Nc6 5. Nc3 Bg7 6. Be3 Nf6 7. Bc4 Qa5 8. 0-0 0-0 9. Bb3 d6 10. h3 Bd7 11. f4 Qh5 12. Rf3 b5 13. g4 Nxg4 14. Nxc6 Bxc6 15. hxg4 Qxg4+ 16. Kf2 Bf6 17. Bd5 Rac8 18. Bxa7 Qh4+ 19. Ke2 b4 20. Bxc6 bxc3 21. Bd5 cxb2 22. Rb1 Qh2+ 23. Bf2 Rc7 24. Bb3 Rfc8 25. c4 Rxc4 26. Bxc4 Rxc4 27. Kd3 Rc3+ 28. Kd2 Rc8 29. Qh1 Bc3+ 30. Ke2 Qxh1 31. Rxh1 Bd4 32. Bxd4 Rc2+ 33. Ke3 Rc1 34. Rxh7 Re1+ 35. Kf2 Rf1+ 36. Kg2 Rg1+ 37. Kxg1 b1Q+ 38. Rf1 1-0

[Event "Golden Cleopatra op"]
[Site "Cairo"]
[Date "2016.12.16"]
[Round "4"]
[White "Sarwat, Walaa"]
[Black "Lowis, Magdy"]
[Result "1-0"]
[WhiteElo "2330"]
[BlackElo "2120"]
[PlyCount "67"]
[EventDate "2016.12.13"]
[EventType "swiss"]
[EventRounds "10"]
[EventCountry "EGY"]
[SourceTitle "CBM 176 Extra"]
[Source "ChessBase"]
[SourceDate "2017.03.02"]
[SourceVersion "1"]
[SourceVersionDate "2017.03.02"]
[SourceQuality "1"]

1. c4 g6 2. g3 Bg7 3. Bg2 Nf6 4. Nc3 d6 5. e4 e5 6. Nge2 0-0 7. 0-0 Be6 8. d3 c6 9. h3 Nfd7 10. f4 f5 11. Be3 Na6 12. Rb1 Nf6 13. exf5 gxf5 14. b4 Nc7 15. b5 cxb5 16. Nxb5 Nxb5 17. Rxb5 e4 18. Rxb7 d5 19. Nd4 Bc8 20. Nc6 Qd6 21. Ne7+ Kh8 22. Nxc8 Rfxc8 23. dxe4 fxe4 24. cxd5 Rc3 25. Qd4 Rd3 26. Qe5 Qxe5 27. fxe5 Nxd5 28. Rff7 Bxe5 29. Bxe4 Rd4 30. Kf2 Nxe3 31. Kxe3 Rc8 32. Rxh7+ Kg8 33. Bf3 Re8 34. Ke2 1-0

[Event "EGY-chT"]
[Site "Egypt"]
[Date "2016.05.10"]
[Round "6.4"]
[White "Nader, Mohamed"]
[Black "Sarwat, Walaa"]
[Result "1/2-1/2"]
[WhiteElo "2171"]
[BlackElo "2339"]
[PlyCount "92"]
[EventDate "2016.05.05"]
[EventType "team-tourn"]
[EventRounds "9"]
[EventCountry "EGY"]
[SourceTitle "CBM 172 Extra"]
[Source "ChessBase"]
[SourceDate "2016.06.21"]
[SourceVersion "1"]
[SourceVersionDate "2016.06.21"]
[SourceQuality "1"]
[WhiteTeam "Hawamdia"]
[BlackTeam "Elhawar"]
[WhiteTeamCountry "EGY"]
[BlackTeamCountry "EGY"]

1. d4 d5 2. Nf3 Nf6 3. e3 g6 4. c4 c6 5. Nbd2 Bg7 6. Bd3 0-0 7. 0-0 Nbd7 8. b3 e5 9. cxd5 Nxd5 10. Bb2 exd4 11. Bxd4 Bxd4 12. Nxd4 Ne5 13. Bc2 c5 14. Ne2 Bg4 15. Ne4 f5 16. N4g3 f4 17. exf4 Nxf4 18. Qxd8 Nxe2+ 19. Nxe2 Raxd8 20. Nc3 Rd2 21. Be4 b6 22. f3 Be6 23. Rad1 Rfd8 24. Rxd2 Rxd2 25. Re1 Kf7 26. Bb1 Nc6 27. Ne4 Rd5 28. f4 h6 29. Nc3 Rd6 30. Nb5 Rd2 31. Bxg6+ Kf6 32. Nc3 Bf5 33. Bh5 Nb4 34. g4 Rc2 35. Nd1 Nd3 36. Rf1 Be4 37. Ne3 Rxa2 38. h4 b5 39. g5+ hxg5 40. hxg5+ Ke6 41. f5+ Ke5 42. f6 Nf4 43. Rxf4 Kxf4 44. f7 Kxe3 45. f8Q Ra1+ 46. Kh2 Rh1+ 1/2-1/2